<?xml version="1.0" encoding="UTF-8"?>
<collection xmlns:xsi="http://www.w3.org/2001/XMLSchema-instance" xsi:schemaLocation="http://www.loc.gov/MARC21/slim http://www.loc.gov/standards/marcxml/schema/MARC21slim.xsd" xmlns="http://www.loc.gov/MARC21/slim">
 <record>
  <leader>00000cam a22000004a 4500</leader>
  <controlfield tag="001">UP-8027390931312519008</controlfield>
  <controlfield tag="003">Buklod</controlfield>
  <controlfield tag="005">20200325153014.0</controlfield>
  <controlfield tag="006">o--- |     ||   ||</controlfield>
  <controlfield tag="007">ta</controlfield>
  <controlfield tag="008">690708s1969    maum    r    a001 0|eng d</controlfield>
  <datafield tag="035" ind1=" " ind2=" ">
   <subfield code="a">(iLib)UPCEB-00011919403</subfield>
  </datafield>
  <datafield tag="040" ind1=" " ind2=" ">
   <subfield code="a">DLC</subfield>
   <subfield code="b">eng</subfield>
   <subfield code="c">DLC</subfield>
   <subfield code="d">WPG</subfield>
   <subfield code="d">MCW</subfield>
   <subfield code="d">GBVCP</subfield>
   <subfield code="d">OCLCF</subfield>
  </datafield>
  <datafield tag="050" ind1="0" ind2="4">
   <subfield code="a">QA303</subfield>
   <subfield code="b">E23</subfield>
  </datafield>
  <datafield tag="090" ind1=" " ind2="0">
   <subfield code="a">QA 303</subfield>
   <subfield code="b">E23</subfield>
  </datafield>
  <datafield tag="100" ind1="1" ind2=" ">
   <subfield code="a">Edwards, Harold M.</subfield>
  </datafield>
  <datafield tag="245" ind1="1" ind2="0">
   <subfield code="a">Advanced calculus</subfield>
   <subfield code="c">Harold M. Edwards.</subfield>
  </datafield>
  <datafield tag="264" ind1=" " ind2="1">
   <subfield code="a">Boston</subfield>
   <subfield code="b">Houghton Mifflin</subfield>
   <subfield code="c">1969.</subfield>
  </datafield>
  <datafield tag="300" ind1=" " ind2=" ">
   <subfield code="a">xv, 508 p.</subfield>
   <subfield code="b">ill.</subfield>
   <subfield code="c">24 cm.</subfield>
  </datafield>
  <datafield tag="490" ind1="1" ind2=" ">
   <subfield code="a">Houghton Mifflin series in basic mathematics.</subfield>
  </datafield>
  <datafield tag="500" ind1=" " ind2=" ">
   <subfield code="a">Includes index.</subfield>
  </datafield>
  <datafield tag="505" ind1="0" ind2=" ">
   <subfield code="a">Constant forms -- Integrals -- Integration and differentiation -- Linear algebra -- Differential calculus -- Integral calculus -- Practical methods of solution -- Applications -- Further study of limits.</subfield>
  </datafield>
  <datafield tag="650" ind1=" " ind2="0">
   <subfield code="a">Calculus.</subfield>
  </datafield>
  <datafield tag="830" ind1=" " ind2="0">
   <subfield code="a">Houghton Mifflin series in basic mathematics.</subfield>
  </datafield>
  <datafield tag="852" ind1="0" ind2=" ">
   <subfield code="a">UPCEB</subfield>
   <subfield code="b">CEBU-LAHUG</subfield>
   <subfield code="h">QA 303</subfield>
   <subfield code="i">E23</subfield>
  </datafield>
  <datafield tag="942" ind1=" " ind2=" ">
   <subfield code="a">Book</subfield>
  </datafield>
 </record>
</collection>
